000 00423nam a2200169Ia 4500
008 230524s9999 xx 000 0 und d
020 _a9788173176593
082 _bSIN
100 _aVishnu Priya Singh
_942709
245 0 _aLaptop Repairing and Upgrading Course
250 _a2
260 _aNew Delhi
_bComputech Publi.
_c2013
300 _a340p;
500 _aQuantity Number: 1
650 _aComp-Sc
942 _cBK
999 _c57695
_d57695